[Event "AUTO-MASTER-3059"]
[Site "http://www.queenalice.com/game.php?id=1766881"]
[Date "2021.8.14"]
[Round "1"]
[White "FM"]
[Black "Guilherme_Ottoni"]
[Result "0-1"]
[WhiteElo "2072"]
[BlackElo "2246"]

1. e4 c5 2. c4 Nc6 3. Nc3 e5 4. d3 d6 5. Be2 g6 6. h4 h5 7. Bg5 Be7 8. Nd5 Bxg5
9. hxg5 Nce7 10. Qd2 Nxd5 11. cxd5 f6 12. Nf3 f5 13. b4 b6 14. Nh4 Ne7 15. f4
exf4 16. O-O cxb4 17. Qxb4 O-O 18. Rxf4 Kh7 19. Raf1 a5 20. Qd4 Qc7 21. Qb2 Bd7
22. exf5 Bxf5 0-1

[Event "AUTO-MASTER-3059"]
[Site "http://www.queenalice.com/game.php?id=1766882"]
[Date "2021.8.14"]
[Round "1"]
[White "Guilherme_Ottoni"]
[Black "FM"]
[Result "1-0"]
[WhiteElo "2239"]
[BlackElo "2082"]

1. d4 d5 2. c4 e6 3. g3 dxc4 4. Bg2 c5 5. Qa4+ Nd7 6. Qxc4 Ngf6 7. Nf3 a6 8. O-O
b5 9. Qc2 Bb7 10. e3 cxd4 11. Nxd4 Rc8 12. Qe2 Bxg2 13. Kxg2 Bc5 14. Nb3 O-O 15.
Nxc5 Nxc5 16. Rd1 Qc7 17. Bd2 b4 18. f3 a5 19. e4 Ncxe4 20. Rc1 Qe5 21. Bf4 Qh5
22. Rxc8 Rxc8 23. g4 1-0

[Event "AUTO-OPEN-4299"]
[Site "http://www.queenalice.com/game.php?id=1775839"]
[Date "2021.11.29"]
[Round "2"]
[White "FM"]
[Black "pizzaiolo72"]
[Result "0-1"]
[WhiteElo "2051"]
[BlackElo "2080"]

1. e4 Nf6 2. e5 Nd5 3. d4 d6 4. c4 Nb6 5. Nf3 Bg4 6. exd6 exd6 7. Be2 Nc6 8. O-O
Be7 9. d5 Ne5 10. Nxe5 Bxe2 11. Qxe2 dxe5 12. Qxe5 O-O 13. Qc3 a5 14. Be3 Bf6
15. Qc2 Re8 16. Bxb6 cxb6 17. Na3 Rc8 18. Rae1 b5 19. Nxb5 Re5 20. Rxe5 Bxe5 21.
Re1 f6 22. Qe4 Qb6 23. b3 Re8 24. Kf1 g5 25. h4 Qd8 26. hxg5 fxg5 27. d6 Qd7 28.
Qd5+ Qe6 29. Rxe5 Qxd5 30. Rxd5 Kf7 0-1

[Event "AUTO-OPEN-4299"]
[Site "http://www.queenalice.com/game.php?id=1775840"]
[Date "2021.11.29"]
[Round "2"]
[White "pizzaiolo72"]
[Black "FM"]
[Result "1-0"]
[WhiteElo "2064"]
[BlackElo "2067"]

1. e4 c5 2. Nf3 Nc6 3. d4 cxd4 4. Nxd4 Nf6 5. Nc3 e6 6. Bg5 h6 7. Bh4 Be7 8. Bd3
Nxd4 9. O-O d6 10. h3 O-O 11. Bc4 Nc6 12. a3 Nxe4 13. Nxe4 Bxh4 14. Nxd6 Ne5 15.
Ba2 Qb6 16. Nxc8 Raxc8 17. b4 Bf6 18. Rc1 Rc3 19. Bb3 Nc6 20. Re1 Rd8 21. Qh5
Rd2 22. Re2 g6 23. Qg4 h5 24. Qe4 Rxe2 25. Qxe2 Nd4 26. Qe1 Nxb3 27. cxb3 Rxb3
28. Qd2 Rxa3 29. Qh6 Qd8 30. Rc2 1-0

[Event "AUTO-MASTER-3098"]
[Site "http://www.queenalice.com/game.php?id=1785690"]
[Date "2022.3.26"]
[Round "1"]
[White "FM"]
[Black "fpferreira"]
[Result "0-1"]
[WhiteElo "1954"]
[BlackElo "2175"]

1. Nf3 d5 2. g3 Nf6 3. Bg2 c5 4. d4 c4 5. O-O e6 6. b3 cxb3 7. axb3 b6 8. c4 Bb7
9. Nc3 Be7 10. Ra2 Nc6 11. Ne5 O-O 12. e4 Nxe5 13. dxe5 Nxe4 14. Nxe4 dxe4 0-1

[Event "AUTO-MASTER-3098"]
[Site "http://www.queenalice.com/game.php?id=1785691"]
[Date "2022.3.26"]
[Round "1"]
[White "fpferreira"]
[Black "FM"]
[Result "1-0"]
[WhiteElo "2169"]
[BlackElo "1962"]

1. e4 f5 2. exf5 Nf6 3. Be2 d6 4. Bh5+ Nxh5 5. Qxh5+ Kd7 6. Nf3 c6 7. O-O Qe8 8.
Qg4 Kc7 9. Nd4 Nd7 10. Ne6+ Kb8 11. Nc3 Nf6 12. Qh3 Bxe6 13. fxe6 g5 14. Qe3 1-0

[Event "AUTO-OPEN-4372"]
[Site "http://www.queenalice.com/game.php?id=1790547"]
[Date "2022.6.8"]
[Round "1"]
[White "FM"]
[Black "CHESS1969"]
[Result "0-1"]
[WhiteElo "1904"]
[BlackElo "2292"]

1. e4 c5 2. Nf3 d6 3. Bc4 Nf6 4. Nc3 e6 5. O-O a6 6. a4 Be7 7. d4 cxd4 8. Nxd4
O-O 9. Be3 Qc7 10. Qe2 Nbd7 11. h3 Nc5 12. Bd3 b6 13. f4 Bb7 14. Bd2 g6 15. b4
Nxd3 16. cxd3 e5 17. Nf3 Nh5 18. Rfc1 Qd8 19. f5 gxf5 20. Bh6 Re8 21. Nh2 Nf4
0-1

[Event "AUTO-OPEN-4372"]
[Site "http://www.queenalice.com/game.php?id=1790548"]
[Date "2022.6.8"]
[Round "1"]
[White "CHESS1969"]
[Black "FM"]
[Result "1-0"]
[WhiteElo "2291"]
[BlackElo "1906"]

1. e4 c5 2. Nf3 a6 3. c3 Nc6 4. d4 e6 5. d5 exd5 6. exd5 Nce7 7. d6 Ng6 8. Qe2+
Be7 9. c4 Qb6 10. dxe7 N8xe7 11. h4 h5 12. Nc3 O-O 13. Ng5 f6 14. Nge4 d6 15.
Qxh5 Be6 16. f4 Bf7 17. Qg4 f5 18. Qg5 fxe4 19. h5 Nxf4 20. h6 Ne6 21. Qxe7 Qd8
22. Qxb7 1-0